i can see you - taylor swift - Statistics

General Stats
  • This quiz has been taken 55 times
  • The average score is 338 of 456
Answer Stats
lyrics % Correct
a
100%
i,
100%
i
100%
you
100%
you,
100%
can
97%
see
97%
me
93%
do
90%
do?
90%
the
90%
and
87%
in
83%
don't
77%
hall
77%
my
77%
then
77%
to
77%
we
77%
if
73%
not
73%
on
73%
so
73%
think
73%
brush
70%
down
70%
hallway
70%
that
70%
what
70%
would
70%
your
70%
for
67%
it
67%
never
67%
oh,
67%
oh
67%
sound?
67%
they
67%
up
67%
us
67%
wall
67%
knew
63%
knew,
63%
made
63%
mission
63%
out?
63%
past
63%
secret
63%
wait
63%
with
63%
against
60%
but
60%
ever
60%
found
60%
necktie
60%
only
60%
quiet
60%
suit
60%
touch
60%
yeah
60%
addiction
57%
ages
57%
as
57%
baby,
57%
baby
57%
been
57%
being
57%
'cause
57%
"meet
57%
note
57%
now?
57%
professional
57%
waitin'
57%
went
57%
best
53%
could
53%
half
53%
head
53%
it's
53%
i've
53%
kept
53%
like
53%
tell,
53%
tonight"
53%
changed,
50%
everything
50%
inside
50%
jacket
50%
keep
50%
passed
50%
saying,
50%
watchin'
50%
ya,
50%
ya?
50%
eyes
47%
feel
47%
floor
47%
happened
47%
haven't
47%
kissed
47%
know
47%
somethin'
47%
spend
47%
start
47%
things
47%
tryin'
47%
want
47%
won't
47%
yet
47%
behaving
43%
believe
43%
from
43%
more
43%
time
43%
uh
43%
uh,
43%
even
40%
myself
40%
something's
40%
'til
40%
will
40%
fast
37%
hide
37%
throw
37%
away
33%
make
33%
move
33%
watchful
33%
No matching quizzes found
Score Distribution
Percent of People with Each Score
Percentile by Number Answered
Your Score History
You have not taken this quiz